| 000 | 00455cas a2200145 4500 | ||
|---|---|---|---|
| 008 | 130417n eng u | ||
| 022 | _a1992-9501 | ||
| 035 | _a(Sirsi) a178710 | ||
| 245 | _aZambia analysis | ||
| 260 |
_a Lusaka _b Zambian analysis limited |
||
| 310 | _aMonthly | ||
| 362 | _aiss. 1-4 2007 | ||
| 520 | _a Magazine/reports on incisive probing of today's Zambia's pressing business, economic, and social issues | ||
| 650 | _aSocial-economic | ||
| 999 |
_c9492 _d9492 |
||